00229 a2200121 4500001000700000020000600007040001100013100002200024240002500046245002000071300000700091362000900098163317 a  cMagnum aBorém, Humberto10aUm rabo de ratolpor10aUm rabo de rato a240 a2002